| 000 | 01092cam a22001934a 4500 | ||
|---|---|---|---|
| 005 | 20250605164123.0 | ||
| 008 | 250528s ||||||||||||||||||||||||d | ||
| 035 | _a18370 | ||
| 020 | _a13533845 | ||
| 040 |
_aGR-AtMCL _bgre _dGR-AtMCL _eAACR2 |
||
| 245 | 1 | _aCase Studies in Information and Computer Ethics | |
| 260 |
_bPrentice Hall, _c1997 |
||
| 300 | _a290 | ||
| 520 | _aThis book offers a collection of diverse cases to help students and computer professionals reflect upon the complex and multi-faceted ethical dilemmas that are emerging in the information age. Preface, Introduction, Computers and Information, Frameworks for Ethical Analysis, Information Ethics, The Acquisition of Information, Information Access, Information Stewardship, Computer Science Ethics, Software Ownership and Intellectual Property Issues, Computer Security and Computer Crimes, Liability and Safety and Reliability, Social Issues, The Social Impact of Computer Technology, References, Appendix, Index. | ||
| 700 | 1 |
_aSpinello Richard A _94646 |
|
| 942 | _cBK | ||
| 999 |
_c3732 _d3732 |
||